<?xml version="1.0" encoding="UTF-8"?><marc:collection xmlns:marc="http://www.loc.gov/MARC21/slim">
  <marc:record>
    <marc:leader>03693nas a2200685 c 4500</marc:leader>
    <marc:controlfield tag="001">010058435</marc:controlfield>
    <marc:controlfield tag="003">DE-101</marc:controlfield>
    <marc:controlfield tag="005">20230605175100.0</marc:controlfield>
    <marc:controlfield tag="007">tu</marc:controlfield>
    <marc:controlfield tag="008">991118c19719999gw w||n|  l|| 0||||1ger c</marc:controlfield>
    <marc:datafield tag="015" ind1=" " ind2=" ">
      <marc:subfield code="a">89,A17,0562</marc:subfield>
      <marc:subfield code="2">dnb</marc:subfield>
    </marc:datafield>
    <marc:datafield tag="016" ind1="7" ind2=" ">
      <marc:subfield code="2">DE-600</marc:subfield>
      <marc:subfield code="a">956961-3</marc:subfield>
    </marc:datafield>
    <marc:datafield tag="016" ind1="7" ind2=" ">
      <marc:subfield code="2">DE-101</marc:subfield>
      <marc:subfield code="a">010058435</marc:subfield>
    </marc:datafield>
    <marc:datafield tag="035" ind1=" " ind2=" ">
      <marc:subfield code="a">(DE-599)ZDB956961-3</marc:subfield>
    </marc:datafield>
    <marc:datafield tag="035" ind1=" " ind2=" ">
      <marc:subfield code="a">(OCoLC)724256427</marc:subfield>
    </marc:datafield>
    <marc:datafield tag="040" ind1=" " ind2=" ">
      <marc:subfield code="a">9001</marc:subfield>
      <marc:subfield code="b">ger</marc:subfield>
      <marc:subfield code="c">DE-101</marc:subfield>
      <marc:subfield code="d">9001</marc:subfield>
    </marc:datafield>
    <marc:datafield tag="041" ind1=" " ind2=" ">
      <marc:subfield code="a">ger</marc:subfield>
    </marc:datafield>
    <marc:datafield tag="042" ind1=" " ind2=" ">
      <marc:subfield code="a">zdb</marc:subfield>
    </marc:datafield>
    <marc:datafield tag="044" ind1=" " ind2=" ">
      <marc:subfield code="c">XA-DE</marc:subfield>
    </marc:datafield>
    <marc:datafield tag="082" ind1="7" ind2="4">
      <marc:subfield code="a">914.3</marc:subfield>
      <marc:subfield code="a">943</marc:subfield>
      <marc:subfield code="a">350</marc:subfield>
      <marc:subfield code="a">340</marc:subfield>
      <marc:subfield code="q">DE-600</marc:subfield>
      <marc:subfield code="2">22sdnb</marc:subfield>
    </marc:datafield>
    <marc:datafield tag="084" ind1=" " ind2=" ">
      <marc:subfield code="a">20</marc:subfield>
      <marc:subfield code="a">350</marc:subfield>
      <marc:subfield code="q">DE-101</marc:subfield>
      <marc:subfield code="2">sdnb</marc:subfield>
    </marc:datafield>
    <marc:datafield tag="090" ind1=" " ind2=" ">
      <marc:subfield code="n">rp</marc:subfield>
    </marc:datafield>
    <marc:datafield tag="110" ind1="1" ind2=" ">
      <marc:subfield code="0">(DE-588)4033453-3</marc:subfield>
      <marc:subfield code="0">https://d-nb.info/gnd/4033453-3</marc:subfield>
      <marc:subfield code="0">(DE-101)040334538</marc:subfield>
      <marc:subfield code="a">Künzell</marc:subfield>
      <marc:subfield code="e">Verfasser</marc:subfield>
      <marc:subfield code="4">aut</marc:subfield>
      <marc:subfield code="2">gnd</marc:subfield>
    </marc:datafield>
    <marc:datafield tag="245" ind1="1" ind2="0">
      <marc:subfield code="a">Künzell</marc:subfield>
      <marc:subfield code="b">... die sympathische Gemeinde</marc:subfield>
      <marc:subfield code="n">[...]</marc:subfield>
      <marc:subfield code="p">Unser Amtsblatt : öffentliche Bekanntmachungen, amtliche Mitteilungen, Ortsnachrichten, unsere Jubilare</marc:subfield>
      <marc:subfield code="c">Hrsg.: Der Gemeindevorstand der Gemeinde Künzell</marc:subfield>
    </marc:datafield>
    <marc:datafield tag="246" ind1="1" ind2="3">
      <marc:subfield code="a">Künzell / Unser Amtsblatt</marc:subfield>
    </marc:datafield>
    <marc:datafield tag="246" ind1="3" ind2=" ">
      <marc:subfield code="a">Neue Mitte Künzell</marc:subfield>
    </marc:datafield>
    <marc:datafield tag="246" ind1="3" ind2=" ">
      <marc:subfield code="a">Fünfzig Jahre Künzell</marc:subfield>
    </marc:datafield>
    <marc:datafield tag="246" ind1="3" ind2=" ">
      <marc:subfield code="a">Künzell. Aus dem Leben der Gemeinde</marc:subfield>
    </marc:datafield>
    <marc:datafield tag="246" ind1="1" ind2=" ">
      <marc:subfield code="i">Nebent.:</marc:subfield>
      <marc:subfield code="a">Künzeller Amtsblatt</marc:subfield>
    </marc:datafield>
    <marc:datafield tag="246" ind1="1" ind2=" ">
      <marc:subfield code="i">Abweichender Titel 2022</marc:subfield>
      <marc:subfield code="a">50 Jahre Künzell</marc:subfield>
    </marc:datafield>
    <marc:datafield tag="246" ind1="1" ind2=" ">
      <marc:subfield code="i">Ungezählte Beilage</marc:subfield>
      <marc:subfield code="a">Künzell. Aus dem Leben der Gemeinde</marc:subfield>
    </marc:datafield>
    <marc:datafield tag="247" ind1="0" ind2="0">
      <marc:subfield code="a">Mitteilungsblatt der Gemeinde Künzell</marc:subfield>
      <marc:subfield code="f">Zusatz bis 5.1975,7</marc:subfield>
    </marc:datafield>
    <marc:datafield tag="264" ind1="3" ind2="1">
      <marc:subfield code="a">Herbstein</marc:subfield>
      <marc:subfield code="b">Wittich</marc:subfield>
      <marc:subfield code="c">1971-</marc:subfield>
    </marc:datafield>
    <marc:datafield tag="336" ind1=" " ind2=" ">
      <marc:subfield code="a">Text</marc:subfield>
      <marc:subfield code="b">txt</marc:subfield>
      <marc:subfield code="2">rdacontent</marc:subfield>
    </marc:datafield>
    <marc:datafield tag="337" ind1=" " ind2=" ">
      <marc:subfield code="a">ohne Hilfsmittel zu benutzen</marc:subfield>
      <marc:subfield code="b">n</marc:subfield>
      <marc:subfield code="2">rdamedia</marc:subfield>
    </marc:datafield>
    <marc:datafield tag="338" ind1=" " ind2=" ">
      <marc:subfield code="a">Band</marc:subfield>
      <marc:subfield code="b">nc</marc:subfield>
      <marc:subfield code="2">rdacarrier</marc:subfield>
    </marc:datafield>
    <marc:datafield tag="362" ind1="0" ind2=" ">
      <marc:subfield code="a">1.1971 - 5.1975,7; [N.F.] 1.1988,27(5.Juli) -</marc:subfield>
    </marc:datafield>
    <marc:datafield tag="363" ind1="0" ind2="0">
      <marc:subfield code="8">1.1\x</marc:subfield>
      <marc:subfield code="a">1</marc:subfield>
      <marc:subfield code="i">1971</marc:subfield>
    </marc:datafield>
    <marc:datafield tag="363" ind1="1" ind2="0">
      <marc:subfield code="8">1.2\x</marc:subfield>
      <marc:subfield code="a">5</marc:subfield>
      <marc:subfield code="b">7</marc:subfield>
      <marc:subfield code="i">1975</marc:subfield>
    </marc:datafield>
    <marc:datafield tag="363" ind1="0" ind2="1">
      <marc:subfield code="8">2.1\x</marc:subfield>
      <marc:subfield code="a">1</marc:subfield>
      <marc:subfield code="b">27</marc:subfield>
      <marc:subfield code="k">5</marc:subfield>
      <marc:subfield code="j">7</marc:subfield>
      <marc:subfield code="i">1988</marc:subfield>
    </marc:datafield>
    <marc:datafield tag="365" ind1=" " ind2=" ">
      <marc:subfield code="b">(kostenlos)</marc:subfield>
    </marc:datafield>
    <marc:datafield tag="500" ind1=" " ind2=" ">
      <marc:subfield code="a">Ungezählte Beilage: Neue Mitte Künzell</marc:subfield>
    </marc:datafield>
    <marc:datafield tag="515" ind1=" " ind2=" ">
      <marc:subfield code="a">Periodizität: wöchentl.</marc:subfield>
    </marc:datafield>
    <marc:datafield tag="583" ind1="1" ind2=" ">
      <marc:subfield code="a">Archivierung/Langzeitarchivierung gewährleistet</marc:subfield>
      <marc:subfield code="f">PEHE</marc:subfield>
      <marc:subfield code="5">DE-17</marc:subfield>
      <marc:subfield code="2">pdager</marc:subfield>
    </marc:datafield>
    <marc:datafield tag="591" ind1=" " ind2=" ">
      <marc:subfield code="a">(üa/Z) C! Kopien, Abl.</marc:subfield>
    </marc:datafield>
    <marc:datafield tag="655" ind1=" " ind2="7">
      <marc:subfield code="0">(DE-588)4067510-5</marc:subfield>
      <marc:subfield code="0">https://d-nb.info/gnd/4067510-5</marc:subfield>
      <marc:subfield code="0">(DE-101)040675106</marc:subfield>
      <marc:subfield code="a">Zeitung</marc:subfield>
      <marc:subfield code="2">gnd-content</marc:subfield>
    </marc:datafield>
    <marc:datafield tag="655" ind1=" " ind2="7">
      <marc:subfield code="0">(DE-588)4142300-8</marc:subfield>
      <marc:subfield code="0">https://d-nb.info/gnd/4142300-8</marc:subfield>
      <marc:subfield code="0">(DE-101)041423003</marc:subfield>
      <marc:subfield code="a">Amtliche Publikation</marc:subfield>
      <marc:subfield code="2">gnd-content</marc:subfield>
    </marc:datafield>
    <marc:datafield tag="655" ind1=" " ind2="7">
      <marc:subfield code="0">(DE-588)4177435-8</marc:subfield>
      <marc:subfield code="0">https://d-nb.info/gnd/4177435-8</marc:subfield>
      <marc:subfield code="0">(DE-101)041774353</marc:subfield>
      <marc:subfield code="a">Regionalzeitung</marc:subfield>
      <marc:subfield code="2">gnd-content</marc:subfield>
    </marc:datafield>
    <marc:datafield tag="751" ind1=" " ind2=" ">
      <marc:subfield code="0">(DE-588)4033453-3</marc:subfield>
      <marc:subfield code="0">https://d-nb.info/gnd/4033453-3</marc:subfield>
      <marc:subfield code="0">(DE-101)040334538</marc:subfield>
      <marc:subfield code="a">Künzell</marc:subfield>
      <marc:subfield code="e">Verbreitungsort</marc:subfield>
      <marc:subfield code="4">dbp</marc:subfield>
      <marc:subfield code="2">gnd</marc:subfield>
    </marc:datafield>
    <marc:datafield tag="770" ind1="0" ind2="8">
      <marc:subfield code="i">Supplement</marc:subfield>
      <marc:subfield code="n">2011,1/2 - 2019,45 Beil.</marc:subfield>
      <marc:subfield code="t">Künzell / Unsere aktuellen Nachrichten. Unsere aktuellen Nachrichten</marc:subfield>
      <marc:subfield code="d">Herbstein : Wittich, 1988-[2019]</marc:subfield>
      <marc:subfield code="w">(DE-600)27890-7</marc:subfield>
      <marc:subfield code="w">(DE-101)010301569</marc:subfield>
    </marc:datafield>
    <marc:datafield tag="772" ind1="0" ind2="8">
      <marc:subfield code="i">Supplement zu</marc:subfield>
      <marc:subfield code="n">1988,27(5.Juli) - 2010,51/52 Beil. zu</marc:subfield>
      <marc:subfield code="t">Künzell / Unsere aktuellen Nachrichten. Unsere aktuellen Nachrichten</marc:subfield>
      <marc:subfield code="d">Herbstein : Wittich, 1988-[2019]</marc:subfield>
      <marc:subfield code="w">(DE-600)27890-7</marc:subfield>
      <marc:subfield code="w">(DE-101)010301569</marc:subfield>
    </marc:datafield>
    <marc:datafield tag="776" ind1="0" ind2="8">
      <marc:subfield code="i">Erscheint auch als</marc:subfield>
      <marc:subfield code="n">E-Paper-Ausgabe</marc:subfield>
      <marc:subfield code="a">Künzell</marc:subfield>
      <marc:subfield code="t">Unser Amtsblatt</marc:subfield>
      <marc:subfield code="d">Herbstein : Linus Wittich Medien KG, [2021?]-</marc:subfield>
      <marc:subfield code="h">Online-Ressource</marc:subfield>
      <marc:subfield code="w">(DE-600)3045086-X</marc:subfield>
      <marc:subfield code="w">(DE-101)1221276255</marc:subfield>
      <marc:subfield code="b">Künzell ... die sympathische Gemeinde</marc:subfield>
    </marc:datafield>
    <marc:datafield tag="777" ind1="0" ind2="8">
      <marc:subfield code="i">Erscheint mit</marc:subfield>
      <marc:subfield code="n">2019-</marc:subfield>
      <marc:subfield code="t">Künzell. Aus dem Leben der Gemeinde</marc:subfield>
      <marc:subfield code="d">Herbstein : Linus Wittich Medien KG, [2019]-</marc:subfield>
      <marc:subfield code="w">(DE-600)3158158-4</marc:subfield>
      <marc:subfield code="w">(DE-101)1289509743</marc:subfield>
    </marc:datafield>
    <marc:datafield tag="785" ind1="0" ind2="8">
      <marc:subfield code="i">5.1975,8 - 7.1977</marc:subfield>
      <marc:subfield code="a">Künzell</marc:subfield>
      <marc:subfield code="t">Mitteilungsblatt der Gemeinde Künzell</marc:subfield>
      <marc:subfield code="d">Herbstein : Wittich, 1975-1977</marc:subfield>
      <marc:subfield code="w">(DE-600)965073-8</marc:subfield>
      <marc:subfield code="w">(DE-101)010165274</marc:subfield>
    </marc:datafield>
    <marc:datafield tag="785" ind1="0" ind2="8">
      <marc:subfield code="i">8.1978 - 18.1988,26</marc:subfield>
      <marc:subfield code="a">Künzell</marc:subfield>
      <marc:subfield code="t">Künzeller Nachrichten</marc:subfield>
      <marc:subfield code="d">Herbstein : Wittich, 1978-1988</marc:subfield>
      <marc:subfield code="w">(DE-600)968300-8</marc:subfield>
      <marc:subfield code="w">(DE-101)015104176</marc:subfield>
    </marc:datafield>
    <marc:datafield tag="850" ind1=" " ind2=" ">
      <marc:subfield code="a">DE-101a</marc:subfield>
      <marc:subfield code="a">DE-101b</marc:subfield>
    </marc:datafield>
    <marc:datafield tag="889" ind1=" " ind2=" ">
      <marc:subfield code="w">(DE-101)551547693</marc:subfield>
    </marc:datafield>
    <marc:datafield tag="889" ind1=" " ind2=" ">
      <marc:subfield code="w">(DE-600)2589421-3</marc:subfield>
    </marc:datafield>
    <marc:datafield tag="925" ind1="r" ind2=" ">
      <marc:subfield code="a">rb</marc:subfield>
    </marc:datafield>
    <marc:datafield tag="930" ind1=" " ind2=" ">
      <marc:subfield code="a">Unser Amtsblatt</marc:subfield>
      <marc:subfield code="d">öffentliche Bekanntmachungen, amtliche Mitteilungen, Ortsnachrichten, unsere Jubilare</marc:subfield>
    </marc:datafield>
  </marc:record>
</marc:collection>
